Countries A-Z Closest To An Unknown Country #9 - Statistics

General Stats
  • This quiz has been taken 741 times
  • The average score is 22 of 25
Answer Stats
Letter Country % Correct
F France
95%
U United Kingdom
95%
Q Qatar
94%
Y Yemen
94%
B Belgium
93%
D Denmark
93%
G Germany
93%
O Oman
92%
Z Zambia
92%
E Estonia
90%
N Netherlands
90%
A Andorra
89%
H Hungary
89%
I Iceland
89%
P Portugal
89%
L Luxembourg
88%
V Vatican City
87%
Now guess the country! Ireland
86%
R Romania
84%
J Jordan
83%
M Monaco
82%
S Switzerland
82%
C Czech Republic
81%
K Kosovo
79%
T Tunisia
75%
No matching quizzes found
Score Distribution
Percent of People with Each Score
Percentile by Number Answered
Your Score History
You have not taken this quiz